[Event "23. Schachcomputer Oldie-Turnier U1960"]
[Site "Klingenberg am Main"]
[Date "2022.04.09"]
[Round "4.1"]
[White "Novag Super Expert A 5 MHz"]
[Black "Chafitz Sargon ARB 4.0 24 MHz"]
[Result "0-1"]
[WhiteElo "1950"]
[BlackElo "1960"]
[PlyCount "108"]
[EventDate "2022.04.09"]
[EventType "rapid"]

1. d4 Nf6 2. c4 d6 3. Nc3 e5 4. Nf3 Nbd7 5. Bg5 Be7 6. e3 O-O 7. Qc2 c5 8. Bxf6
Bxf6 9. d5 Be7 10. Bd3 Nf6 11. O-O h6 12. a4 Bd7 13. Nd2 Qc7 14. h3 Qa5 15. Nb3
Qb4 16. Be2 a5 17. e4 Nh7 18. f4 exf4 19. Rxf4 Ng5 20. Kh1 Bf6 21. Nd2 Bd4 22.
Nb3 Be3 23. Rff1 Ra6 24. Nd1 Rb6 25. Nxe3 Qxb3 26. Qxb3 Rxb3 27. Nd1 Nxe4 28.
Rf3 Rb4 29. Nc3 Nxc3 30. bxc3 Rxa4 31. Rb1 Bc8 32. Re3 Ra2 33. Bd1 Bf5 34. Rc1
a4 35. g4 Bg6 36. Bf3 a3 37. Re7 Rb2 38. Ra1 a2 39. Ree1 Bd3 40. Red1 Bxc4 41.
Re1 Ra8 42. h4 Rb3 43. g5 Rxc3 44. Kg2 hxg5 45. hxg5 b5 46. Re7 Rb3 47. Be4 b4
48. g6 fxg6 49. Rd7 Re3 50. Bxg6 Bxd5+ 51. Kf2 Rf3+ 52. Ke2 b3 53. Bb1 Re8+ 54.
Kd2 Rf2+ 0-1

[Event "23. Schachcomputer Oldie-Turnier U1960"]
[Site "Klingenberg am Main"]
[Date "2022.04.09"]
[Round "4.2"]
[White "Saitek Analyst D++  6 MHz"]
[Black "Mephisto Amsterdam"]
[Result "1/2-1/2"]
[WhiteElo "1946"]
[BlackElo "1934"]
[PlyCount "172"]
[EventDate "2022.04.09"]
[EventType "rapid"]

1. d4 c6 2. e4 d5 3. e5 Bf5 4. h4 h6 5. Ne2 e6 6. Ng3 Bg6 7. h5 Bh7 8. Bd3 Bxd3
9. Qxd3 Qb6 10. O-O Be7 11. Ne2 Nd7 12. Qg3 Bf8 13. Nbc3 c5 14. dxc5 Qxc5 15.
Be3 Qc7 16. Bd4 Rd8 17. a3 b6 18. Rad1 Rb8 19. Ra1 Rb7 20. Rfd1 a6 21. Nf4 b5
22. Nd3 Ne7 23. Qf4 Nc6 24. Ne2 Be7 25. a4 Nxd4 26. Nxd4 Bg5 27. Qg3 O-O 28.
axb5 axb5 29. c3 Rfb8 30. f4 Be7 31. f5 exf5 32. Nxf5 Bg5 33. Nd6 Qb6+ 34. Nf2
Rc7 35. Rxd5 Rc5 36. Rd4 Rxe5 37. Nxf7 Re3 38. Qd6 Qxd6 39. Rxd6 Kxf7 40. Rxd7+
Kf8 41. Raa7 Re1+ 42. Kh2 Re2 43. Nd3 Re7 44. Kg3 Rxd7 45. Rxd7 Rd8 46. Rxd8+
Bxd8 47. Kf4 Ke7 48. Kf5 Kd6 49. b3 Bf6 50. c4 Kc6 51. Kg6 bxc4 52. bxc4 Bd4
53. g4 Kd6 54. Nc1 Bc3 55. Nb3 Bb2 56. Kf7 Bc3 57. Kf8 Bf6 58. Kg8 Ke5 59. c5
Kd5 60. Kf7 Be5 61. Nc1 Bc3 62. Nd3 Kc6 63. Ke7 Bf6+ 64. Ke6 Bd4 65. Kf5 Kd5
66. Kg6 Kc6 67. Nf4 Kd7 68. Kf7 Bxc5 69. Kxg7 Be3 70. Kxh6 Kd6 71. Kg6 Bxf4 72.
h6 Ke6 73. h7 Be5 74. g5 Bd4 75. Kh6 Bh8 76. Kg6 Bd4 77. Kh5 Kf5 78. Kh6 Bh8
79. Kh5 Bd4 80. Kh6 Bh8 81. g6 Kf6 82. Kh5 Kf5 83. Kh6 Kf6 84. Kh5 Kf5 85. g7
Bxg7 86. h8=Q Bxh8 1/2-1/2

[Event "23. Schachcomputer Oldie-Turnier U1960"]
[Site "Klingenberg am Main"]
[Date "2022.04.09"]
[Round "4.3"]
[White "Saitek Travel Champion 2080"]
[Black "Mephisto MM IV + HG440"]
[Result "0-1"]
[WhiteElo "1922"]
[BlackElo "1947"]
[PlyCount "110"]
[EventDate "2022.04.09"]
[EventType "rapid"]

1. e4 e5 2. f4 Qh4+ 3. g3 Qe7 4. fxe5 d6 5. Nc3 dxe5 6. Nd5 Qd6 7. d4 c6 8.
dxe5 Qxe5 9. Ne3 Nf6 10. Nf3 Qxe4 11. Bd3 Qe7 12. O-O Qc5 13. a3 Bh3 14. b4 Qb6
15. Rf2 Ng4 16. Nxg4 Bxg4 (16... Qe3) 17. Qe1+ Be7 18. Ng5 f6 19. Bxh7 Bh5 20.
Be3 Qc7 21. Ne6 Qd7 22. Nxg7+ Kf7 23. Nxh5 Rxh7 24. Nxf6 Bxf6 25. Bg5 Kg8 26.
Rxf6 Qd4+ 27. Rf2 Nd7 (27... Re7) 28. h4 Ne5 29. Kf1 Qc4+ 30. Qe2 Qd5 31. Kg1
Qd4 32. Rd1 Qc3 33. g4 Qh3 34. Bf6 Qg3+ 35. Rg2 Nf3+ 36. Kf1 Qf4 (36... Ng1)
37. Qe6+ Rf7 38. Rf2 Qxf6 39. Qxf6 Rxf6 40. g5 Rf7 41. g6 Rf5 42. h5 Raf8 43.
Ke2 Ng1+ 44. Rxg1 Rxf2+ 45. Kd3 R8f3+ 46. Kd4 Rxa3 47. h6 Rh2 48. h7+ Kg7 49.
c4 Ra4 50. Kc3 Rh3+ 51. Kd4 Rxb4 (51... c5+) 52. Kc5 a5 53. Rg5 Rh4 54. Kd6
Rbxc4 55. Kc7 b5 0-1

[Event "23. Schachcomputer Oldie-Turnier U1960"]
[Site "Klingenberg am Main"]
[Date "2022.04.09"]
[Round "4.4"]
[White "Mephisto Modena"]
[Black "Fidelity Elite Privat Glasgow"]
[Result "1-0"]
[WhiteElo "1957"]
[BlackElo "1842"]
[PlyCount "55"]
[EventDate "2022.04.09"]
[EventType "rapid"]

1. d4 d5 2. c4 dxc4 3. Nf3 Nf6 4. e3 e6 5. Bxc4 c5 6. O-O a6 7. Qe2 b5 8. Bb3
Bb7 9. Rd1 Nbd7 10. Nc3 Qb8 11. d5 {**} exd5 {**} 12. Nxd5 c4 13. e4 {droht 14.
Bf4 und 15.Sc7+} cxb3 {? unterschätzt die schwarze chancen. Materialistisch
gesehen ist zwei figuren für ein turm kein slechter tausch, aber jetzt kommt
auch der schwarze könig in gefahr.} 14. Bf4 {!} Qa7 15. Nc7+ Kd8 16. Ng5 Rg8
17. Nxf7+ Ke7 18. Nd6 Rb8 19. e5 Ne4 20. Nxe4 Bxe4 21. Bg5+ Nf6 22. exf6+ gxf6
23. Qxe4+ Kf7 24. Rd7+ Be7 25. Qxe7+ Kg6 26. Qxh7+ Kxg5 27. Ne6+ Kg4 28. Qh3#
1-0

[Event "23. Schachcomputer Oldie-Turnier U1960"]
[Site "Klingenberg am Main"]
[Date "2022.04.09"]
[Round "4.5"]
[White "Mephisto Mega IV"]
[Black "Novag Aquamarine Super Nova"]
[Result "0-1"]
[WhiteElo "1949"]
[BlackElo "1922"]
[PlyCount "158"]
[EventDate "2022.04.09"]
[EventType "rapid"]

1. d4 d5 2. c4 c6 3. cxd5 cxd5 4. Nf3 Nf6 5. Nc3 Nbd7 6. Bg5 h6 7. Bf4 e6 8.
Qa4 Nh5 9. Bd2 Nhf6 10. Rc1 Bd6 11. Nb5 Bb8 12. Qc2 O-O 13. Bb4 Re8 14. Nc7
Bxc7 15. Qxc7 a5 16. Bd2 Qe7 17. e3 b6 18. Bb5 Ba6 19. Bxa6 Rxa6 20. O-O Ne4
21. Qb7 Raa8 22. Rc7 Nd6 23. Qc6 Rac8 24. Rc1 Rxc7 25. Qxc7 Rc8 26. Qa7 Rxc1+
27. Bxc1 Qe8 28. Qc7 Ne4 29. b3 Nef6 30. Bb2 Ne4 31. Ne1 Qe7 32. Nd3 Qe8 33. f3
Nef6 34. Ba3 Kh7 35. Bd6 Kg8 36. Qb7 Nh7 37. Bc7 Nhf6 38. e4 dxe4 39. fxe4 Qf8
40. Bxb6 Nxb6 41. Qxb6 Qa3 42. e5 Nd5 43. Qb8+ Kh7 44. Qe8 Qxa2 45. Qxf7 Qa1+
46. Qf1 Qxd4+ 47. Kh1 Kg6 48. Qb1 Kf7 49. Qc2 Nb4 50. Qf2+ Qxf2 51. Nxf2 Kg6
52. Ne4 Nc6 53. g4 Nxe5 54. h3 Nd3 55. Kg2 e5 56. Kf3 Nf4 57. h4 Ne6 58. h5+
Kh7 59. Nc3 Ng5+ 60. Ke3 g6 61. Ne4 gxh5 62. gxh5 Ne6 63. Nc3 Nc5 64. Na4 Nxa4
65. bxa4 Kg7 66. Kd3 Kf6 67. Ke2 e4 68. Kd2 Ke5 69. Ke2 Kf4 70. Kf2 e3+ 71. Ke1
Ke4 72. Ke2 Kd4 73. Ke1 Kc4 74. Ke2 Kb3 75. Kxe3 Kxa4 76. Kd2 Kb3 77. Kc1 Kc3
78. Kb1 Kd4 79. Kb2 Ke3 0-1

[Event "23. Schachcomputer Oldie-Turnier U1960"]
[Site "Klingenberg am Main"]
[Date "2022.04.09"]
[Round "4.6"]
[White "Mephisto Roma II"]
[Black "Mephisto MM II 7.4 MHz"]
[Result "1-0"]
[WhiteElo "1960"]
[BlackElo "1892"]
[PlyCount "119"]
[EventDate "2022.04.09"]
[EventType "rapid"]

1. Nf3 d5 2. d4 Nc6 3. c4 Bg4 4. cxd5 Bxf3 5. dxc6 Bxc6 6. Nc3 Nf6 7. Bg5 e6 8.
Qd3 Be7 9. Rd1 Nd5 10. Bxe7 Qxe7 11. e4 Nxc3 12. bxc3 O-O 13. Be2 e5 14. d5 Ba4
15. Rb1 b6 16. O-O Qh4 17. Rb4 Bd7 18. Qg3 Qxg3 19. hxg3 a5 20. Rb2 Rad8 21.
Bc4 Rfe8 22. Rfb1 Kf8 23. Be2 g5 24. d6 cxd6 25. Rxb6 Be6 26. R1b5 Bxa2 27.
Rxa5 Be6 28. Ra7 h6 29. Raa6 Bc8 30. Ra8 Ke7 31. Bb5 Rf8 32. Ra7+ Kf6 33. Be2
Rfe8 34. Bc4 Re7 35. Ra8 Rc7 36. Ba6 Ke6 37. Rbb8 Kd7 38. Be2 f5 39. exf5 Rxc3
40. f6 Ke6 41. Rxc8 Rdxc8 42. Rxc8 Rxc8 43. Bg4+ Kxf6 44. Bxc8 d5 45. f3 d4 46.
Kf2 Ke7 47. Bg4 Kd6 48. Ke2 Kc5 49. Kd3 Kd5 50. Bh5 Kd6 51. f4 exf4 52. gxf4
gxf4 53. Kxd4 Kc6 54. Ke5 Kd7 55. Be2 Ke7 56. Kxf4 Kf6 57. Kg4 Kg6 58. Bd3+ Kf6
59. Kh5 Ke5 60. Kxh6 1-0

[Event "23. Schachcomputer Oldie-Turnier U1960"]
[Site "Klingenberg am Main"]
[Date "2022.04.09"]
[Round "5.1"]
[White "Mephisto Amsterdam"]
[Black "Chafitz Sargon ARB 4.0 24 MHz"]
[Result "1-0"]
[WhiteElo "1934"]
[BlackElo "1960"]
[PlyCount "110"]
[EventDate "2022.04.09"]
[EventType "rapid"]

1. d4 f5 2. c4 Nf6 3. g3 e6 4. Bg2 Be7 5. Nf3 O-O 6. O-O d6 7. Nc3 Qe8 8. Qc2
Qh5 9. Bg5 Bd7 10. Nb5 Na6 11. Rfd1 c6 12. Nc3 d5 13. b3 Nb4 14. Qd2 h6 15.
Bxf6 Bxf6 16. Qf4 Rad8 17. Qc7 Bc8 18. e3 Rf7 19. Qa5 Na6 20. Rac1 dxc4 21.
bxc4 Rff8 22. Ne5 b6 23. Qa3 Bxe5 24. dxe5 c5 25. Rd6 Rxd6 26. exd6 Qe8 27. Nb5
Qd7 28. Rd1 Rf7 29. Qc3 Bb7 30. Bxb7 Qxb7 31. Qe5 Qd7 32. a3 Nb8 33. Qc3 Nc6
34. f4 Qd8 35. Qd2 Qd7 36. Kf2 e5 37. Qd5 e4 38. Nc3 g6 39. g4 Kh7 40. h4 fxg4
41. Kg3 Rf5 42. Qxe4 Kg7 43. Nb5 Rf6 44. Qd3 a6 45. Nc7 a5 46. Qb1 h5 47. Qxb6
a4 48. Qxc5 Rf5 49. Qb6 Rf6 50. Qb5 Kh7 51. c5 Rf5 52. e4 Rf8 53. Qxa4 Rc8 54.
Nd5 Qb7 55. Nb6 Rd8 1-0

[Event "23. Schachcomputer Oldie-Turnier U1960"]
[Site "Klingenberg am Main"]
[Date "2022.04.09"]
[Round "5.2"]
[White "Saitek Analyst D++  6 MHz"]
[Black "Mephisto Modena"]
[Result "0-1"]
[WhiteElo "1946"]
[BlackElo "1957"]
[Annotator "Helscher,Udo"]
[PlyCount "140"]
[EventDate "2022.04.09"]
[EventType "rapid"]

{Damengambit. Die einzige (aber durchaus verdiente) Niederlage für den Saitek
D++ in Klingenberg. Nach 27.Ta1?? und 28.Dc5?? ist die Partie eigentlich
entschieden. Der Modena tauscht jedoch die Damen und die Möglichkeit noch ein
Remis im Turmendspiel zu erreichen sind sehr realistisch. Die
Endspielschwäche der "Oldies", hier der D++, lassen jedoch nie eine Prognose
zu. Im Turmendspiel, mit einem Mehrbauer, setzt sich jedoch der Modena noch
durch und kann die Partie gewinnen!} 1. d4 Nf6 2. Nf3 d5 3. c4 e6 4. Nc3 Be7 5.
Bg5 O-O 6. e3 h6 7. Bh4 b6 8. Bd3 dxc4 {*erster berechneter Zug} 9. Bxc4 {
*erster berechneter Zug} Ba6 10. Bxa6 Nxa6 11. O-O Nb4 12. a3 Nbd5 13. Qc2 c5
14. Rac1 cxd4 15. Nxd4 Rc8 16. Qa4 Nxc3 17. Rxc3 Rxc3 18. bxc3 Nd5 19. Nc6 Qc7
20. Bxe7 {+0,32} Nxe7 {-0,60} 21. Qxa7 Qxc6 22. Qxe7 Qxc3 23. Rd1 Qb3 24. Ra1
Qb2 25. Rd1 Qb3 26. Qd6 Ra8 27. Ra1 $4 (27. h3) 27... b5 28. Qc5 $4 {Der
zweite Fehler. Die Partie ist entschieden!} b4 29. a4 Rxa4 30. Qc8+ {-0,66} Kh7
{+1,17} 31. Rf1 Qc3 $4 {Dieser Fehlzug ermöglicht für den D++ die Chancen
noch Remis zu erreichen!} (31... Qb2 $1) 32. Qxc3 bxc3 33. Rc1 Rc4 34. Kf1 e5
35. Ke2 e4 36. Kd1 Rc5 37. Kc2 Rf5 38. Rf1 Rg5 39. Rg1 Rh5 40. h3 Rc5 41. Rb1
Kg6 42. g4 $2 h5 43. gxh5+ Kxh5 44. Rb7 Rf5 45. Kxc3 Rxf2 46. Kd4 Kh4 47. Kxe4
Kxh3 {Das Turmendspiel ist für den Modena gewonnen.} 48. Kd4 g5 49. e4 g4 50.
Rc7 g3 51. Rc3 Kh2 52. Rc8 g2 {+2,97} 53. Rh8+ Kg3 54. Rg8+ Kf3 55. Rg7 Ke2 56.
e5 Kf1 57. Rxg2 Kxg2 58. Kd5 Kf3 59. Kd6 Ke4 60. e6 Rd2+ 61. Ke7 {-5,98} f5 62.
Kf8 Rd8+ 63. Ke7 Ra8 64. Kf7 f4 65. e7 f3 66. e8=Q+ Rxe8 67. Kf6 f2 68. Kf7 Rd8
69. Ke7 Rd2 70. Ke6 f1=Q 0-1

[Event "23. Schachcomputer Oldie-Turnier U1960"]
[Site "Klingenberg am Main"]
[Date "2022.04.09"]
[Round "5.3"]
[White "Mephisto MM IV + HG440"]
[Black "Novag Super Expert A 5 MHz"]
[Result "1-0"]
[WhiteElo "1947"]
[BlackElo "1950"]
[PlyCount "133"]
[EventDate "2022.04.09"]
[EventType "rapid"]

1. e4 c5 2. Nf3 d6 3. d4 cxd4 4. Nxd4 Nf6 5. Nc3 a6 6. g3 e5 7. Nde2 Nbd7 8.
Bg2 Be7 9. Bg5 O-O 10. Qd2 Nb6 11. O-O-O Ne8 12. Bxe7 Qxe7 13. h4 f5 14. exf5
Bxf5 15. Nd5 Nxd5 16. Bxd5+ Kh8 17. f4 Rc8 18. Nc3 e4 19. Rhe1 Nf6 20. Bb3 Rc6
21. Nd5 Nxd5 22. Qxd5 Qc7 23. Rd2 h6 24. g4 Bxg4 25. Qxe4 b5 26. Bd5 Bf5 27.
Qg2 Rc5 28. h5 Rc8 29. Ree2 a5 30. Bb7 Rb8 31. Bf3 b4 32. Bd5 a4 33. Kb1 b3 34.
Be4 bxa2+ 35. Kxa2 a3 36. b3 Bxe4 37. Qxe4 Rxh5 38. Qd3 Rh1 39. c4 Rc1 40. Re6
d5 41. Rde2 Rf8 42. Qxd5 Qxf4 43. Re8 Rc2+ 44. Rxc2 Rxe8 45. Kxa3 Qf6 46. Qb7
Qe7+ 47. Qxe7 Rxe7 48. b4 Kg8 49. b5 g5 50. c5 Re3+ 51. Kb4 Re4+ 52. Ka5 Re1
53. c6 Re8 54. Ka6 Kf7 55. c7 Ra8+ 56. Kb7 Re8 57. Ka7 g4 58. b6 h5 59. b7 Re3
60. b8=Q Ra3+ 61. Kb6 g3 62. Qd8 Rb3+ 63. Kc5 Rd3 64. Qxd3 h4 65. Qh7+ Kf6 66.
c8=Q Kg5 67. Qcf5# 1-0

[Event "23. Schachcomputer Oldie-Turnier U1960"]
[Site "Klingenberg am Main"]
[Date "2022.04.09"]
[Round "5.4"]
[White "Novag Aquamarine Super Nova"]
[Black "Mephisto Roma II"]
[Result "0-1"]
[WhiteElo "1922"]
[BlackElo "1960"]
[PlyCount "162"]
[EventDate "2022.04.09"]
[EventType "rapid"]

1. Nf3 d5 2. g3 Nc6 3. d4 Nf6 4. Bg2 Bf5 5. O-O e6 6. Nh4 Bg4 7. Bf4 Bd6 8.
Bxd6 Qxd6 9. Nc3 Qb4 10. f3 Bh5 11. e3 Qxb2 12. Qd2 O-O-O 13. Rab1 Qa3 14. Rb3
Qf8 15. f4 Na5 16. Rbb1 Nc4 17. Qd3 Qe7 18. e4 c6 19. e5 Nd7 20. Ne4 f5 21. Nd2
Nxd2 22. Qxd2 Nb6 23. Qa5 Kb8 24. Qb4 Qxb4 25. Rxb4 Be2 26. Rfb1 Rc8 27. Nf3
Bxf3 28. Bxf3 c5 29. dxc5 Rxc5 30. R1b2 Rhc8 31. Bd1 g6 32. g4 fxg4 33. Bxg4
R8c6 34. Bd1 Rc3 35. Kf2 Rc7 36. Rd4 Nc4 37. Rb1 Ne3 38. Be2 Nf5 39. Ra4 Rxc2
40. Re1 R7c3 41. Kg2 d4 42. Kg1 Rh3 43. Rc4 Rxa2 44. Rec1 a6 45. Bg4 Rhxh2 46.
Bxf5 Rhg2+ 47. Kf1 Rgf2+ 48. Kg1 gxf5 49. Rxd4 Rg2+ 50. Kf1 Raf2+ 51. Ke1 Rb2
52. Kf1 h6 53. Rd8+ Ka7 54. Rd6 Rbf2+ 55. Ke1 Rxf4 56. Rxe6 Rh4 57. Kf1 Rb2 58.
Kg1 Rg4+ 59. Kh1 h5 60. Rf6 f4 61. e6 Re2 62. Rf1 Re4 63. Kh2 a5 64. Rf2 a4 65.
Rf3 Kb6 66. e7+ Kc7 67. Rf7 Kd7 68. e8=Q+ Kxe8 69. Rxb7 Re2+ 70. Kh3 Re1 71.
Kh2 Re3 72. Rxe3+ fxe3 73. Rb5 Re4 74. Rb8+ Kd7 75. Rb7+ Kc6 76. Rb1 e2 77. Re1
a3 78. Kg3 a2 79. Kf3 a1=Q 80. Rxa1 e1=Q 81. Rxe1 Rxe1 0-1

[Event "23. Schachcomputer Oldie-Turnier U1960"]
[Site "Klingenberg am Main"]
[Date "2022.04.09"]
[Round "5.5"]
[White "Mephisto MM II 7.4 MHz"]
[Black "Saitek Travel Champion 2080"]
[Result "0-1"]
[WhiteElo "1892"]
[BlackElo "1922"]
[PlyCount "102"]
[EventDate "2022.04.09"]
[EventType "rapid"]

1. e4 c6 2. d4 d5 3. exd5 cxd5 4. Bd3 Nc6 5. c3 e5 6. dxe5 Nxe5 7. Bb5+ Nc6 8.
Nf3 Nf6 9. O-O Qb6 10. Qe2+ Ne4 11. Bd3 f5 12. Be3 Bc5 13. Bxc5 Qxc5 14. Nbd2
O-O (14... Rg8) 15. Nb3 Qb6 16. Rfe1 Be6 17. Qe3 Qxe3 18. Rxe3 Rfe8 19. g3 Rad8
20. Nbd4 Nxd4 21. Nxd4 g5 22. Rae1 Bd7 (22... Nf6) 23. f4 gxf4 24. gxf4 Kf7 25.
Nf3 Kf6 26. Kf1 Bc6 27. h4 Rg8 28. Ne5 Nd2+ 29. Ke2 Rg2+ 30. Kd1 Nc4 31. Bxc4
dxc4+ 32. Kc1 Rdd2 33. Nxc4 Rc2+ 34. Kb1 Bd5 35. Nd6 Rxb2+ 36. Ka1 Rxa2+ 37.
Kb1 Rab2+ 38. Ka1 a5 39. Re7 Ra2+ 40. Kb1 Rgb2+ 41. Kc1 Be4 42. R1xe4 Rc2+ 43.
Kb1 fxe4 44. Rxb7 e3 45. Rxh7 Rab2+ 46. Ka1 e2 47. Ne8+ Kf5 48. Re7 Rb6 49. c4
Rc1+ 50. Ka2 e1=Q 51. Rxe1 Rxe1 0-1

[Event "23. Schachcomputer Oldie-Turnier U1960"]
[Site "Klingenberg am Main"]
[Date "2022.04.09"]
[Round "5.6"]
[White "Fidelity Elite Privat Glasgow"]
[Black "Mephisto Mega IV"]
[Result "0-1"]
[WhiteElo "1842"]
[BlackElo "1949"]
[PlyCount "84"]
[EventDate "2022.04.09"]
[EventType "rapid"]

1. c4 e5 2. Nc3 Nf6 3. g3 d5 4. cxd5 Nxd5 5. Qa4+ c6 6. Qe4 f6 7. Bh3 Bxh3 8.
Nxh3 Bc5 9. Na4 Bd6 10. Nc3 Nxc3 11. dxc3 O-O 12. Qc4+ Kh8 13. Bd2 Qd7 14. Qh4
Bc5 15. O-O-O Qe6 16. Kb1 Nd7 17. e4 Qc4 18. Be3 Rad8 19. Rhf1 Bxe3 20. fxe3
Qe2 21. Rde1 Qd2 22. Nf2 Nc5 23. Qg4 Nd3 24. Nxd3 Qxd3+ 25. Ka1 Qc2 26. h3 Rd2
27. Rb1 Rfd8 28. Qf5 Qd3 29. Qf3 Qc4 30. Qf5 b6 31. h4 c5 32. h5 R8d6 33. Qc8+
Qg8 34. Qxg8+ Kxg8 35. c4 R6d3 36. Rbe1 Rh2 37. g4 Rg2 38. h6 Rxg4 39. hxg7
Rxe4 40. Rxf6 Rdxe3 41. Ref1 Re1+ 42. Rxe1 Rxe1# 0-1

[Event "23. Schachcomputer Oldie-Turnier U1960"]
[Site "Klingenberg am Main"]
[Date "2022.04.09"]
[Round "6.1"]
[White "Mephisto Amsterdam"]
[Black "Mephisto MM IV + HG440"]
[Result "0-1"]
[WhiteElo "1934"]
[BlackElo "1947"]
[PlyCount "52"]
[EventDate "2022.04.09"]
[EventType "rapid"]

1. c4 e5 2. Nc3 Nf6 3. Nf3 Nc6 4. e3 Bb4 5. Qc2 Bxc3 6. Qxc3 Qe7 7. a3 e4 8.
Nd4 Nxd4 9. Qxd4 O-O 10. Be2 d5 11. O-O c5 12. Qc3 Be6 13. cxd5 Nxd5 14. Qe5 f5
15. d4 Rae8 16. Bb5 Rc8 17. Bc4 Qf7 18. b3 Rfe8 19. Qd6 Rc6 20. Qg3 Nc3 21. Re1
Bxc4 22. bxc4 Qxc4 23. Bb2 Ne2+ 24. Rxe2 Qxe2 25. Bc3 Qc2 26. Ba5 cxd4 0-1

[Event "23. Schachcomputer Oldie-Turnier U1960"]
[Site "Klingenberg am Main"]
[Date "2022.04.09"]
[Round "6.2"]
[White "Mephisto Modena"]
[Black "Saitek Travel Champion 2080"]
[Result "0-1"]
[WhiteElo "1957"]
[BlackElo "1922"]
[PlyCount "100"]
[EventDate "2022.04.09"]
[EventType "rapid"]

1. c4 Nf6 2. Nc3 c5 3. Nf3 d5 4. cxd5 Nxd5 5. e3 Nxc3 6. bxc3 Nc6 7. Bb5 Bg4 8.
h3 Bh5 9. d3 Qc7 10. g4 Bg6 11. Qa4 O-O-O 12. Bxc6 Qxc6 13. Qxc6+ bxc6 14. Ne5
h5 15. gxh5 Bxh5 16. Nxc6 Rxd3 17. Bd2 Kc7 18. Ne5 Rd5 19. f4 f6 20. Nc4 Bf3
21. Rf1 Rxh3 22. Na5 g6 23. c4 Rdh5 24. Nb3 Bg7 25. Ba5+ Kc6 26. Nd2 Be4 27.
O-O-O Bd3 28. Rfe1 g5 29. Bd8 e5 30. fxg5 Rxg5 31. e4 Bxc4 32. Nxc4 Rc3+ 33.
Kb1 Rxc4 34. Be7 Rb4+ 35. Ka1 Rd4 36. Rf1 c4 37. Rxd4 exd4 38. Bxf6 Bxf6 39.
Rxf6+ Kc5 40. Ra6 Rg1+ 41. Kb2 c3+ 42. Kb3 Rb1+ 43. Kc2 Rb2+ 44. Kd1 d3 45. Ke1
Re2+ 46. Kf1 c2 47. Ra5+ Kb4 48. Rb5+ Kxb5 49. a4+ Kxa4 50. e5 c1=Q# 0-1

[Event "23. Schachcomputer Oldie-Turnier U1960"]
[Site "Klingenberg am Main"]
[Date "2022.04.09"]
[Round "6.3"]
[White "Chafitz Sargon ARB 4.0 24 MHz"]
[Black "Mephisto Roma II"]
[Result "0-1"]
[WhiteElo "1960"]
[BlackElo "1960"]
[PlyCount "78"]
[EventDate "2022.04.09"]
[EventType "rapid"]

1. d4 d5 2. c4 c6 3. Nf3 e6 4. e3 Nf6 5. Nc3 Nbd7 6. Bd3 dxc4 7. Bxc4 b5 8. Bd3
a6 9. e4 c5 10. O-O cxd4 11. Nxd4 Bd6 12. f4 Bc5 13. Be3 Qb6 14. Nce2 Ng4 15.
Qd2 O-O 16. Rac1 Nxe3 17. Qxe3 e5 18. fxe5 Nxe5 19. Bb1 Rd8 20. Rxc5 Qxc5 21.
Rc1 Nc4 22. Qc3 Bg4 23. b4 Qd6 24. Kh1 Bxe2 25. Nxe2 Qd2 26. Qxd2 Rxd2 27. Nc3
Re8 28. a4 bxa4 29. Nxa4 Red8 30. Nc3 Ne3 31. e5 Rc8 32. h4 Nxg2 33. h5 Rc4 34.
Rd1 Rxd1+ 35. Nxd1 Nf4 36. Bf5 Nxh5 37. Ne3 Rxb4 38. Kh2 g6 39. Bc8 Re4 0-1

[Event "23. Schachcomputer Oldie-Turnier U1960"]
[Site "Klingenberg am Main"]
[Date "2022.04.09"]
[Round "6.4"]
[White "Novag Aquamarine Super Nova"]
[Black "Saitek Analyst D++  6 MHz"]
[Result "0-1"]
[WhiteElo "1922"]
[BlackElo "1946"]
[Annotator "Helscher,Udo"]
[PlyCount "108"]
[EventDate "2022.04.09"]
[EventType "rapid"]

{Den "Hodgson-Angriff" sieht man nicht allzu oft. Die Eröffnung wurde jedoch
vom Aquamarine Super Nova..., Novag schlecht behandelt. Nach 7 Zügen ist
bereits ein Läufer weg. Der König vom D++ ist gezwungen am Königsflügel
auf Wanderschaft zu gehen, aber nach weiteren "komischen" Zügen vom Super
Nova ist die Partie schnell beendet.} 1. d4 d5 2. Bg5 c5 3. dxc5 {*erster
berechneter Zug} f6 {Diesen Zug spielt der D++ noch aus dem Buch!} 4. Bh4 Qa5+
{*erster berechneter Zug} 5. Nc3 Nc6 6. Qxd5 $2 Qb4 7. Qd3 $4 Qxh4 8. Nf3 Qb4
9. e4 Qxb2 10. Rd1 e5 11. Nd5 Rb8 12. Nc7+ Kf7 13. Qc4+ Kg6 14. Nd5 Qa3 15. Be2
Na5 16. Qb5 Kf7 17. O-O Qxc5 18. Rd2 Qxb5 19. Bxb5 Bc5 20. Rfd1 Be6 21. Ne1 Ne7
22. Nd3 Bd4 23. N3f4 Nxd5 24. exd5 Bg4 25. Be2 Bf5 26. Bh5+ g6 27. g4 Be4 28.
Rxd4 exd4 29. Rxd4 Bxc2 30. Rd2 Rhc8 31. d6 gxh5 32. d7 Rc4 33. d8=Q Rxd8 34.
Rxd8 Rxf4 35. gxh5 Ra4 36. Ra8 Nc6 37. Kg2 Be4+ 38. Kg3 Rxa2 39. Rc8 a5 40.
Rc7+ Ne7 41. h6 Ke6 42. Rc5 Bc6 43. Kg4 a4 44. Rh5 Rxf2 45. Kg3 Rf1 46. Kh3 Nf5
47. Kg4 Bf3+ 48. Kh3 Bxh5 49. Kg2 Rc1 50. Kh3 a3 51. Kg2 a2 52. Kh3 a1=Q 53.
Kg2 Rc2+ 54. Kh3 Qc3# 0-1

[Event "23. Schachcomputer Oldie-Turnier U1960"]
[Site "Klingenberg am Main"]
[Date "2022.04.09"]
[Round "6.5"]
[White "Mephisto Mega IV"]
[Black "Novag Super Expert A 5 MHz"]
[Result "1-0"]
[WhiteElo "1949"]
[BlackElo "1950"]
[PlyCount "96"]
[EventDate "2022.04.09"]
[EventType "rapid"]

1. c4 Nf6 2. d4 e6 3. Nc3 Bb4 4. e3 O-O 5. Bd3 c5 6. Nf3 d5 7. O-O dxc4 8. Bxc4
Nbd7 9. Qe2 b6 10. a3 cxd4 11. axb4 dxc3 12. bxc3 a5 13. bxa5 bxa5 14. Ba3 Re8
15. Rfb1 Nb6 16. Bb5 Bd7 17. Ne5 Qc7 18. Nxd7 Nbxd7 19. c4 Rad8 20. Rd1 e5 21.
Bd6 Qb6 22. c5 Nxc5 23. Bxe8 Rxd6 24. Rxd6 Qxd6 25. Bb5 Qb6 26. Qc4 h6 27. Rc1
Nfd7 28. Bxd7 Nxd7 29. Qa4 Nc5 30. Qe8+ Kh7 31. Qxf7 Ne6 32. Qf5+ g6 33. Qxe5
a4 34. Ra1 Qa6 35. Qb8 a3 36. Qb3 Ng7 37. Qxa3 Qe2 38. Qe7 Qb2 39. Rf1 h5 40.
e4 Qb5 41. f4 Qe2 42. e5 Kg8 43. Qd7 Qc4 44. g3 Qe2 45. Rf2 Qe1+ 46. Kg2 Qe4+
47. Kh3 Qc4 48. Rb2 Qf7 1-0

[Event "23. Schachcomputer Oldie-Turnier U1960"]
[Site "Klingenberg am Main"]
[Date "2022.04.09"]
[Round "6.6"]
[White "Mephisto MM II 7.4 MHz"]
[Black "Fidelity Elite Privat Glasgow"]
[Result "1/2-1/2"]
[WhiteElo "1892"]
[BlackElo "1842"]
[PlyCount "128"]
[EventDate "2022.04.09"]
[EventType "rapid"]

1. e4 c5 2. c3 d5 3. exd5 Qxd5 4. d4 e5 5. dxe5 Qxe5+ 6. Be3 Qd6 7. Nd2 Nf6 8.
Ngf3 Nc6 9. Bb5 Be7 10. Nb3 Ne4 11. Qxd6 Bxd6 12. Na5 Kd7 13. Nxc6 bxc6 14. Bd3
Nf6 15. O-O Kc7 16. Bg5 Bg4 17. Bxf6 gxf6 18. Nh4 Rab8 19. f3 Be6 20. b3 Bf4
21. Rad1 Be3+ 22. Kh1 Bf4 23. g3 Be5 24. c4 h5 25. f4 Bd4 26. f5 Bd7 27. Nf3
Rhe8 28. Kg2 Re7 29. Kh3 Ree8 30. Kh4 Rh8 31. Nxd4 cxd4 32. Be2 Rbe8 33. Bxh5
Re4+ 34. g4 c5 35. Rd2 Kd6 36. Rff2 Ke5 37. Kg3 Bc6 38. Rfe2 Rh7 39. Rxe4+ Bxe4
40. Rf2 a5 41. h4 a4 42. bxa4 Bd3 43. a5 Bxc4 44. Rc2 Kd5 45. Rb2 Ke5 46. Rb8
Kd5 47. Rb7 Ke5 48. Bg6 Rg7 49. Rd7 Bxa2 50. a6 Rg8 51. Bxf7 Bxf7 52. Re7+ Kd5
53. Rxf7 Ke5 54. Re7+ Kd5 55. a7 c4 56. Rg7 Ra8 57. g5 Ke5 58. Kg4 fxg5 59.
hxg5 c3 60. Rc7 Kd6 61. Rc4 Kd5 62. Rc7 Kd6 63. Rc4 Kd5 64. Rc7 Kd6 {
Stellungswiederholung} 1/2-1/2